00462aam a2200133 4500999001900000082001500019100002500034245007200059260002700131300000900158653003100167942000800198952012200206 c504418d504418 aT19x54 In2 aBakshi, Santosh9480 aEconomic growth in india and its many dimensionscby santosh Bakshi aNew DelhibUppalc2018 a523p aCivil ServiceaBureaucracy 2ddc 00102ddc4070aIIPAbIIPAd2018-08-28e17g2550.00l1pIB4q2018-09-12r2018-08-29s2018-08-29v3000.00w2018-08-28